U.S. States with the Death Penalty - Statistics

General Stats
  • This quiz has been taken 290 times
  • The average score is 20 of 27
Answer Stats
State % Correct
Texas
91%
Florida
89%
Alabama
86%
Mississippi
84%
South Carolina
83%
Georgia
82%
Arizona
80%
North Carolina
80%
Arkansas
79%
Utah
78%
California
75%
Kentucky
75%
Idaho
74%
Kansas
74%
Louisiana
74%
Ohio
73%
Oklahoma
72%
Nevada
71%
Tennessee
70%
Montana
69%
South Dakota
69%
Wyoming
68%
Indiana
66%
Missouri
65%
Nebraska
65%
Oregon
56%
Pennsylvania
48%
No matching quizzes found
Score Distribution
Percent of People with Each Score
Percentile by Number Answered
Your Score History
You have not taken this quiz